<?xml version="1.0" encoding="UTF-8"?>
<record
    xmlns:xsi="http://www.w3.org/2001/XMLSchema-instance"
    xsi:schemaLocation="http://www.loc.gov/MARC21/slim http://www.loc.gov/standards/marcxml/schema/MARC21slim.xsd"
    xmlns="http://www.loc.gov/MARC21/slim">

  <leader>01319nam a2200277 a 4500</leader>
  <controlfield tag="001">4966</controlfield>
  <controlfield tag="003">BD-RjUL</controlfield>
  <controlfield tag="005">20211208234002.0</controlfield>
  <controlfield tag="008">150704s2008    ii            000 0 ben d</controlfield>
  <datafield tag="020" ind1=" " ind2=" ">
    <subfield code="c">: IRs. 60.00 (V-2)</subfield>
  </datafield>
  <datafield tag="035" ind1=" " ind2=" ">
    <subfield code="a">(BD-RjUL)5002</subfield>
  </datafield>
  <datafield tag="040" ind1=" " ind2=" ">
    <subfield code="a">BD-RjUL</subfield>
    <subfield code="b">eng</subfield>
    <subfield code="c">BD-RjUL</subfield>
    <subfield code="d">BD-RjUL</subfield>
  </datafield>
  <datafield tag="041" ind1=" " ind2=" ">
    <subfield code="a">eng</subfield>
  </datafield>
  <datafield tag="082" ind1=" " ind2=" ">
    <subfield code="a">822.33</subfield>
    <subfield code="b">SHA V-1-V-5 2008</subfield>
    <subfield code="2">23</subfield>
  </datafield>
  <datafield tag="100" ind1="1" ind2=" ">
    <subfield code="a">&#x9B6;&#x9C7;&#x995;&#x9B8;&#x9AA;&#x9C0;&#x9AF;&#x9BC;&#x9B0;, &#x989;&#x987;&#x9B2;&#x9BF;&#x9AF;&#x9BC;&#x9BE;&#x9AE;.</subfield>
    <subfield code="9">224189</subfield>
  </datafield>
  <datafield tag="245" ind1=" " ind2=" ">
    <subfield code="a">&#x9B6;&#x9C7;&#x995;&#x9B8;&#x9AA;&#x9C0;&#x9AF;&#x9BC;&#x9BE;&#x9B0; &#x9B0;&#x99A;&#x9A8;&#x9BE;&#x9AC;&#x9B2;&#x9C0; /</subfield>
    <subfield code="c">&#x989;&#x987;&#x9B2;&#x9BF;&#x9AF;&#x9BC;&#x9BE;&#x9AE; &#x9B6;&#x9C7;&#x995;&#x9B8;&#x9AA;&#x9C0;&#x9AF;&#x9BC;&#x9B0; ; &#x9AD;&#x9C2;&#x9AE;&#x9BF;&#x995;&#x9BE;: &#x985;&#x9B8;&#x9BF;&#x9A4;&#x995;&#x9C1;&#x9AE;&#x9BE;&#x9B0; &#x9AC;&#x9A8;&#x9CD;&#x9A6;&#x9CD;&#x9AF;&#x9CB;&#x9AA;&#x9BE;&#x9A7;&#x9CD;&#x9AF;&#x9BE;&#x9AF;&#x9BC; ; &#x985;&#x9A8;&#x9C1;&#x9AC;&#x9BE;&#x9A6;: &#x9B8;&#x9C1;&#x9A7;&#x9BE;&#x982;&#x9B6;&#x9C1;&#x9B0;&#x99E;&#x9CD;&#x99C;&#x9A8; &#x998;&#x9CB;&#x9B7; </subfield>
  </datafield>
  <datafield tag="250" ind1=" " ind2=" ">
    <subfield code="a">&#x9EC;&#x9B7;&#x9CD;&#x9A0; &#x9B8;&#x982;.</subfield>
  </datafield>
  <datafield tag="260" ind1=" " ind2=" ">
    <subfield code="a">&#x995;&#x9B2;&#x995;&#x9BE;&#x9A4;&#x9BE; :</subfield>
    <subfield code="b">&#x9A4;&#x9C1;&#x9B2;&#x9BF;-&#x995;&#x9B2;&#x9AE;,</subfield>
    <subfield code="c">&#x9E8;&#x9E6;&#x9E6;&#x9EE;.</subfield>
  </datafield>
  <datafield tag="300" ind1=" " ind2=" ">
    <subfield code="a"> &#x996;&#x9A3;&#x9CD;&#x9A1; ;</subfield>
    <subfield code="c">&#x9E8;&#x9E8; &#x9B8;&#x9C7;&#x9AE;&#x9BF;.</subfield>
  </datafield>
  <datafield tag="505" ind1="0" ind2=" ">
    <subfield code="a">&#x996;&#x9A3;&#x9CD;&#x9A1; &#x9E8; -- </subfield>
  </datafield>
  <datafield tag="650" ind1=" " ind2=" ">
    <subfield code="a">&#x987;&#x982;&#x9B0;&#x9C7;&#x99C;&#x9C0; &#x9A8;&#x9BE;&#x99F;&#x995; </subfield>
    <subfield code="x">&#x9B0;&#x99A;&#x9A8;&#x9BE; &#x9B8;&#x982;&#x997;&#x9CD;&#x9B0;&#x9B9; </subfield>
    <subfield code="9">224190</subfield>
  </datafield>
  <datafield tag="650" ind1=" " ind2=" ">
    <subfield code="a">English Drama </subfield>
    <subfield code="x">Collected works</subfield>
    <subfield code="9">224191</subfield>
  </datafield>
  <datafield tag="700" ind1=" " ind2=" ">
    <subfield code="a">&#x9AC;&#x9A8;&#x9CD;&#x9A6;&#x9CD;&#x9AF;&#x9CB;&#x9AA;&#x9BE;&#x9A7;&#x9CD;&#x9AF;&#x9BE;&#x9AF;&#x9BC;, &#x985;&#x9B8;&#x9BF;&#x9A4;&#x995;&#x9C1;&#x9AE;&#x9BE;&#x9B0;, &#x9AD;&#x9C2;&#x9AE;&#x9BF;&#x995;&#x9BE;&#x995;&#x9BE;&#x9B0;</subfield>
    <subfield code="9">224196</subfield>
  </datafield>
  <datafield tag="700" ind1=" " ind2=" ">
    <subfield code="a">&#x998;&#x9CB;&#x9B7;, &#x9B8;&#x9C1;&#x9A7;&#x9BE;&#x982;&#x9B6;&#x9C1;&#x9B0;&#x99E;&#x9CD;&#x99C;&#x9A8;,  &#x985;&#x9A8;&#x9C1;&#x9AC;&#x9BE;&#x9A6;&#x995;</subfield>
    <subfield code="9">224197</subfield>
  </datafield>
  <datafield tag="942" ind1=" " ind2=" ">
    <subfield code="2">ddc</subfield>
    <subfield code="c">BK</subfield>
  </datafield>
  <datafield tag="999" ind1=" " ind2=" ">
    <subfield code="c">4966</subfield>
    <subfield code="d">4966</subfield>
  </datafield>
  <datafield tag="952" ind1=" " ind2=" ">
    <subfield code="0">0</subfield>
    <subfield code="1">0</subfield>
    <subfield code="2">ddc</subfield>
    <subfield code="4">0</subfield>
    <subfield code="7">1</subfield>
    <subfield code="8">RARE</subfield>
    <subfield code="a">RUCL</subfield>
    <subfield code="b">RUCL</subfield>
    <subfield code="c">Rare</subfield>
    <subfield code="d">2011-05-25</subfield>
    <subfield code="e">Dhaka, Paragon Enterprises ltd.</subfield>
    <subfield code="g">60.00</subfield>
    <subfield code="l">0</subfield>
    <subfield code="o">BRA  822.33 SHS V-2 2008</subfield>
    <subfield code="r">2015-07-04 00:00:00</subfield>
    <subfield code="t">C-1</subfield>
    <subfield code="w">2021-12-08</subfield>
    <subfield code="y">RAR</subfield>
  </datafield>
  <datafield tag="952" ind1=" " ind2=" ">
    <subfield code="0">0</subfield>
    <subfield code="1">0</subfield>
    <subfield code="2">ddc</subfield>
    <subfield code="4">0</subfield>
    <subfield code="7">0</subfield>
    <subfield code="8">NFIC</subfield>
    <subfield code="a">RUCL</subfield>
    <subfield code="b">RUCL</subfield>
    <subfield code="c">Stack</subfield>
    <subfield code="d">2011-05-25</subfield>
    <subfield code="e">Dhaka, Paragon Enterprises ltd.</subfield>
    <subfield code="g">60.00</subfield>
    <subfield code="l">9</subfield>
    <subfield code="o">B 822.33 SHS V-2 2008</subfield>
    <subfield code="r">2022-01-24 00:00:00</subfield>
    <subfield code="s">2021-12-17</subfield>
    <subfield code="t">C-2</subfield>
    <subfield code="w">2021-12-08</subfield>
    <subfield code="y">BK</subfield>
  </datafield>
</record>
